000 02552cam a2200517 4500
001 ##L133567
008 060518n2006 000 0 eng u
035 _a(Sirsi) u133567
041 0 _aeng
050 0 4 _a690.02642 $2 18
100 1 _aBingham, Tony
245 0 0 _aLegal issues in construction
_h[multimedia]
260 _aLondon
_bRICS
_c2006
300 _a2
_fCD-ROMs
505 2 _aDay one: Chairman's welcome and keynote presentation -- Recent construction case law reviewed -- All change at the JCT : the new JCT 2005 contracts -- Focussing on Major Project Form (MPF) -- Scope of Contracts (Rights of Third Parties) Act 1999 -- Payment and adjudication : the recent Latham Review and the forthcoming DTI consultation -- The JCT framework agreement -- Partnering : does it work for projects or only for frameworks? -- Achieving project success with integrated teams -- Modern procurement is about long term relationships but how do you choose the right people? -- Appointing consultants : towards the common approach?
505 2 _aDay two: Developing models of Public Private Partnership -- PFI : what are the risks for the construction contractor? -- The role of facilities management in PPP/PFI -- Adjudication overview -- The role of the Technology and Construction Court -- Recovering money/defending claims -- Delay analysis in construction and engineering disputes -- Mock mediation : interactive session
520 _aGives videos, presentations and courses notes from this two day conference held in 2005.
650 2 4 _aJCT STANDARD BUILDING CONTRACT (2005 EDITION)
650 2 4 _aJCT MAJOR PROJECT CONSTRUCTION CONTRACT (2005 EDITION)
650 2 4 _aCONTRACTS (RIGHTS OF THIRD PARTIES) ACT 1999
650 2 4 _aJCT FRAMEWORK AGREEMENT (2005 EDITION)
650 2 4 _aPRIVATE FINANCE INITIATIVE
650 2 4 _aPUBLIC PRIVATE PARTNERSHIPS
651 4 _aEngland and Wales
_y1543-
690 _aBUILT ENVIRONMENT
700 1 _aHelps, Dominic
700 1 _aJones, Neil F.
700 1 _aFox, Owen
700 1 _aHolmes, Patrick
700 1 _aDodsworth, Catriona
700 1 _aBaker, Huw
700 1 _aMosey, David
700 1 _aLofty, John
700 1 _aCarter, Colin
700 1 _aHughes-D'Aeth, John
700 1 _aCouzens, Alan
700 1 _aYule, Ian
700 1 _aMoorman, Clive
700 1 _aSherman, Henry
700 1 _aPeckett, Victoria
700 1 _aJackson, Rupert Matthew
_cSir
_d1948-
700 1 _aMills, Richard
700 1 _aCrossley, Gary
700 1 _aMoorhouse, Don
942 _n0
999 _c85440
_d85440